Memoir of Bishop Mackenzie / (Record no. 216634)
[ view plain ]
| 000 -LEADER | |
|---|---|
| fixed length control field | 00498nam a2200157 4500 |
| 005 - DATE AND TIME OF LATEST TRANSACTION | |
| control field | 20260421093601.0 |
| 008 - FIXED-LENGTH DATA ELEMENTS--GENERAL INFORMATION | |
| fixed length control field | 260421b |||||||| |||| 00| 0 eng d |
| 040 ## - CATALOGING SOURCE | |
| Original cataloging agency | LC |
| Transcribing agency | UNZA |
| Modifying agency | UNZA |
| Description conventions | RDA |
| 050 ## - LIBRARY OF CONGRESS CALL NUMBER | |
| Classification number | BX5700 |
| Item number | GOO 1864 |
| 100 ## - MAIN ENTRY--PERSONAL NAME | |
| Personal name | Goodwin, Harvey D.D. |
| 245 ## - TITLE STATEMENT | |
| Title | Memoir of Bishop Mackenzie / |
| Statement of responsibility, etc. | Harvey Goodwin, D.D. |
| 260 ## - PUBLICATION, DISTRIBUTION, ETC. | |
| Place of publication, distribution, etc. | Cambridge : |
| Name of publisher, distributor, etc. | Bell and Daldy, |
| Date of publication, distribution, etc. | 1864. |
| 300 ## - PHYSICAL DESCRIPTION | |
| Extent | 439 pages [ with various pages ] : |
| Other physical details | illustrations. |
| 650 ## - SUBJECT ADDED ENTRY--TOPICAL TERM | |
| Topical term or geographic name entry element | Bishop Makenzie |
| General subdivision | Memoir |
| 942 ## - ADDED ENTRY ELEMENTS (KOHA) | |
| Koha item type | Zambian collection |
| 999 ## - | |
| -- | 216634 |
| -- | 216634 |
| Withdrawn status | Lost status | Source of classification or shelving scheme | Damaged status | Not for loan | Home library | Current library | Shelving location | Date acquired | Total Checkouts | Full call number | Barcode | Date last seen | Copy number | Price effective from | Koha item type |
|---|---|---|---|---|---|---|---|---|---|---|---|---|---|---|---|
| Library of Congress Classification | Main Library | Main Library | Special collections | 04/21/2026 | BX5700 GOO 1864 | 33729001861447 | 04/21/2026 | C.1 | 04/21/2026 | Zambian collection |